000 00561nam a2200205Ia 4500
008 191130s2007##################000#0#eng##
020 _a9788131512067
040 _aACL
_cACL
082 _a332.042 ALE
100 _aAlexander, David
245 _aGlobal financial reporting and analysis
_cDavid Alexander
260 _aNew Delhi
_bCengage Learning
_c2007
300 _a736 p. ; 23 cm
650 _aEconomics
700 _aBritton, Anne
700 _aJorissen, Ann
990 _a2e283d9bac10000c363def33aa252585
991 _a148854
999 _c195217
_d195217